Na konci věku

Na minha lista:
Detalhes bibliográficos
Autor principal: Lukacs, John
Outros Autores: Bednář, Luděk
Formato: Livro
Idioma:tcheco
Publicado em: Praha ACADEMIA 2009
Colecção:XXI. století sv. 6
Assuntos:
Tags: Adicionar Tag
Sem tags, seja o primeiro a adicionar uma tag!

MARC

LEADER 00000nam a2200000 4500
001 0223295
005 20231215114812.9
020 |a 978-80-200-1781-9 
041 0 |a cze 
044 |a CZ 
245 1 0 |a Na konci věku  |c John Lukacs ; přeložil: Luděk Bednář 
264 1 |a Praha  |b ACADEMIA  |c 2009 
300 |a 151 s. 
490 1 |a XXI. století  |v sv. 6 
830 0 |a XXI. století  |v sv. 6 
610 2 0 |a dejiny 
610 2 0 |a vývoj spoločenský 
610 2 0 |a vývoj systémov 
610 2 0 |a prognózy 
610 2 0 |a filozofia 
610 2 0 |a myslenie ekonomické 
610 2 0 |a veda 
100 1 |a Lukacs, John 
700 1 |a Bednář, Luděk